Catalog

Record Details

Catalog Search



The ancient near east / Volume 2 An new anthology of texts and pictures Cover Image Book Book

The ancient near east / edited by James B. Pritchard Volume 2 An new anthology of texts and pictures

Record details

  • ISBN: 0-691-00209-6
  • Physical Description: 239 p. list of illustrations
  • Publisher: Princeton Princeton University Press 1975

Available copies

  • 1 of 1 copy available at Common Catalog SPOK.

Holds

  • 0 current holds with 1 total copy.
Show All Copies
Location Call Number / Copy Notes Barcode Shelving Location Status Due Date
ETS Library 913.394 424470001486 Volný výběr Available -

LDR 00755nam a2 00241
00144266
003CZ-PrJAB
00520030324000000.0
008010402s1975 xxu e |||| |eng
009us
020 . ‡a0-691-00209-6
035 . ‡a(CONS)238
035 . ‡aKPS8463
040 . ‡aABG450
041 . ‡aeng
08214. ‡a913.394
100 . ‡72787 ‡aPritchard, James B.
245 . ‡aThe ancient near east / ‡cedited by James B. Pritchard ‡nVolume 2 ‡pAn new anthology of texts and pictures
260 . ‡aPrinceton ‡bPrinceton University Press ‡c1975
300 . ‡a239 p. ‡blist of illustrations
653 . ‡aThe ancient near east ‡aAn new anthology of texts and pictures
8524 . ‡bETS ‡bETS ‡cVolný výběr ‡j913.394 ‡gA ‡p424470001486
910 . ‡aABG450
999 . ‡a238 ‡bAUTOGEN ‡c238 ‡tbiblio
905 . ‡uadmin
901 . ‡a44266 ‡b ‡c44266 ‡tbiblio ‡sets

Additional Resources